[Event "Harburg-chC 12th"]
[Site "Hamburg"]
[Date "2017.08.06"]
[Round "5"]
[White "Olschok, Juergen"]
[Black "Vollmer, Andreas"]
[Result "0-1"]
[WhiteElo "1770"]
[BlackElo "1765"]
[PlyCount "84"]
[EventDate "2017.08.06"]
[EventType "tourn"]
[EventRounds "5"]
[EventCountry "GER"]
[SourceTitle "CBM 180 Extra"]
[Source "ChessBase"]
[SourceDate "2017.10.06"]
[SourceVersion "1"]
[SourceVersionDate "2017.10.06"]
[SourceQuality "1"]

1. e4 c6 2. d4 d5 3. exd5 cxd5 4. Bd3 Nf6 5. Bf4 Nc6 6. c3 Bg4 7. Qb3 Qc8 8. Nd2 e6 9. h3 Bh5 10. Ngf3 Bg6 11. Bxg6 hxg6 12. 0-0 Be7 13. Ne5 0-0 14. Ndf3 Nd7 15. Nd3 Na5 16. Qc2 Nc4 17. Nfe5 Ndxe5 18. Bxe5 Bd6 19. Bxd6 Nxd6 20. Ne5 Nc4 21. Nxc4 Qxc4 22. Rfd1 Rac8 23. Qb3 Qc7 24. Qa4 a6 25. Qc2 Qd6 26. Rac1 Rc6 27. g3 Rfc8 28. Qe2 Rc4 29. Rd2 b5 30. a3 a5 31. Rdc2 Qb6 32. b3 R4c7 33. Qd3 Rb8 34. Kf1 Qd6 35. c4 bxc4 36. bxc4 Qa6 37. Qe2 dxc4 38. Rxc4 Rxc4 39. Qxc4 Qb7 40. h4 Qh1+ 41. Ke2 Qe4+ 42. Kd1 Rd8 0-1

[Event "Harburg-chC 12th"]
[Site "Hamburg"]
[Date "2017.08.05"]
[Round "2"]
[White "Hommer, Jeremy"]
[Black "Olschok, Juergen"]
[Result "1/2-1/2"]
[WhiteElo "1937"]
[BlackElo "1770"]
[PlyCount "102"]
[EventDate "2017.08.06"]
[EventType "tourn"]
[EventRounds "5"]
[EventCountry "GER"]
[SourceTitle "CBM 180 Extra"]
[Source "ChessBase"]
[SourceDate "2017.10.06"]
[SourceVersion "1"]
[SourceVersionDate "2017.10.06"]
[SourceQuality "1"]

1. d4 Nf6 2. Bf4 d5 3. e3 Bf5 4. Nd2 e6 5. Ngf3 Bd6 6. Ne5 Ne4 7. Be2 Bxe5 8. Bxe5 f6 9. Bf4 Nc6 10. g4 Bg6 11. Nxe4 Bxe4 12. f3 Bg6 13. Bb5 Qe7 14. 0-0 0-0 15. Bg3 a6 16. Bd3 Bxd3 17. Qxd3 Rad8 18. c3 e5 19. Rfe1 Rfe8 20. f4 e4 21. Qd1 b5 22. b3 Na5 23. Re2 c6 24. Qc1 Nb7 25. f5 a5 26. Rc2 Nd6 27. h4 h6 28. Bf4 Nf7 29. Rg2 c5 30. Rc2 Rc8 31. Qb2 Rc6 32. Rac1 Rec8 33. Qa3 Qb7 34. Qb2 cxd4 35. cxd4 b4 36. Kf2 Qb5 37. Ke1 Kf8 38. Rxc6 Rxc6 39. Rc2 Nd8 40. Rxc6 Qxc6 41. Kd1 Qb5 42. Qe2 Qc6 43. Qc2 Qxc2+ 44. Kxc2 Nc6 45. Bc7 Ke7 46. Bb6 Kf7 47. h5 Ke8 48. Kb2 Kd7 49. a3 Ke8 50. Bc5 Kf7 51. axb4 axb4 1/2-1/2

[Event "Harburg-chC 12th"]
[Site "Hamburg"]
[Date "2017.08.04"]
[Round "1"]
[White "Olschok, Juergen"]
[Black "Henkemeier, Michael"]
[Result "0-1"]
[WhiteElo "1770"]
[BlackElo "1879"]
[PlyCount "98"]
[EventDate "2017.08.06"]
[EventType "tourn"]
[EventRounds "5"]
[EventCountry "GER"]
[SourceTitle "CBM 180 Extra"]
[Source "ChessBase"]
[SourceDate "2017.10.06"]
[SourceVersion "1"]
[SourceVersionDate "2017.10.06"]
[SourceQuality "1"]

1. e4 c6 2. d4 d5 3. exd5 cxd5 4. Bd3 Nc6 5. c3 Qc7 6. Ne2 e6 7. Bf4 Bd6 8. Bxd6 Qxd6 9. 0-0 Nf6 10. Nd2 0-0 11. Ng3 e5 12. dxe5 Nxe5 13. Nf3 Bg4 14. Be2 Bxf3 15. Bxf3 Rad8 16. Nf5 Qb6 17. Ne7+ Kh8 18. Re1 Qe6 19. Qd4 Nxf3+ 20. gxf3 Qh3 21. Qf4 Nh5 22. Qg4 Qxg4+ 23. fxg4 Nf6 24. g5 Ne4 25. h4 Nd2 26. Kg2 Nc4 27. b3 Nb6 28. Nf5 g6 29. Nd4 Rfe8 30. Kf3 Kg7 31. Rac1 a6 32. Rxe8 Rxe8 33. Rc2 f5 34. Re2 Re4 35. Rxe4 dxe4+ 36. Ke3 Nd5+ 37. Kd2 Kf7 38. Ne2 Ke6 39. c4 Ne7 40. a3 Nc6 41. Nf4+ Ke5 42. Nd5 Nd4 43. b4 Nf3+ 44. Ke2 Nxh4 45. Nf6 h5 46. a4 Kd4 47. c5 Kc4 48. f3 exf3+ 49. Kf2 Kxb4 0-1

[Event "Hamburg St Pauli op-B"]
[Site "Hamburg"]
[Date "2013.07.10"]
[Round "6"]
[White "Olschok, Juergen"]
[Black "Frackowiak, Stanislaw"]
[Result "1-0"]
[WhiteElo "1808"]
[BlackElo "1617"]
[PlyCount "57"]
[EventDate "2013.07.06"]
[EventType "swiss"]
[EventRounds "9"]
[EventCountry "GER"]
[SourceTitle "EXT 2014"]
[Source "ChessBase"]
[SourceDate "2013.11.20"]
[SourceVersion "1"]
[SourceVersionDate "2013.11.20"]
[SourceQuality "1"]

1. e4 c5 2. Nc3 Nc6 3. f4 e6 4. Nf3 d5 5. Bb5 Nge7 6. 0-0 a6 7. Bxc6+ Nxc6 8. d3 Be7 9. b3 0-0 10. Bb2 d4 11. Ne2 Bf6 12. a3 a5 13. e5 Be7 14. Ng3 b6 15. Qe2 Bb7 16. Rae1 Re8 17. Bc1 Qd7 18. Ne4 Rf8 19. Nfg5 Rae8 20. Qh5 h6 21. Rf3 f6 22. exf6 Bxf6 23. Nxf6+ Rxf6 24. Ne4 Rf5 25. Qh3 Nd8 26. Rg3 Nf7 27. Qxf5 exf5 28. Nf6+ Kh8 29. Rxe8+ 1-0

[Event "Pinneberg-ch"]
[Site "Pinneberg"]
[Date "2012.08.23"]
[Round "2"]
[White "Schoppe, Gottfried"]
[Black "Olschok, Juergen"]
[Result "0-1"]
[WhiteElo "1663"]
[BlackElo "1773"]
[PlyCount "58"]
[EventDate "2012.08.16"]
[EventType "swiss"]
[EventRounds "7"]
[EventCountry "GER"]
[SourceTitle "EXT 2013"]
[Source "ChessBase"]
[SourceDate "2012.11.22"]
[SourceVersion "1"]
[SourceVersionDate "2012.11.22"]
[SourceQuality "1"]

1. d4 Nf6 2. c4 e5 3. dxe5 Ne4 4. Nf3 Bb4+ 5. Nbd2 Nc6 6. a3 Bxd2+ 7. Bxd2 Nxd2 8. Qxd2 Qe7 9. Qc3 0-0 10. e3 Re8 11. Be2 b6 12. 0-0 Bb7 13. Rfd1 Rad8 14. Rd2 Nxe5 15. Nxe5 Qxe5 16. Qxe5 Rxe5 17. Rad1 d6 18. h4 Rde8 19. b4 a5 20. b5 f5 21. Rd4 Kf7 22. h5 Kf6 23. Kh2 g5 24. hxg6 hxg6 25. g4 R5e7 26. gxf5 Rh8+ 27. Kg3 gxf5 28. Rh4 Rg7+ 29. Kh3 Bg2+ 0-1

[Event "Hamburg-chA"]
[Site "Hamburg"]
[Date "2011.10.05"]
[Round "5.2"]
[White "Olschok, Juergen"]
[Black "Raedisch, Peter"]
[Result "1/2-1/2"]
[WhiteElo "1759"]
[BlackElo "1757"]
[PlyCount "131"]
[EventDate "2011.10.09"]
[EventType "swiss"]
[EventRounds "9"]
[EventCountry "GER"]
[SourceTitle "EXT 2012"]
[Source "ChessBase"]
[SourceDate "2011.11.24"]
[SourceVersion "1"]
[SourceVersionDate "2011.11.24"]
[SourceQuality "1"]

1. e4 e5 2. Nf3 Nc6 3. Bb5 d6 4. h3 Bd7 5. d3 Nf6 6. Bg5 Be7 7. Nc3 a6 8. Ba4 b5 9. Bb3 Na5 10. Qd2 Nxb3 11. axb3 h6 12. Bxf6 Bxf6 13. Nd5 0-0 14. 0-0 c6 15. Nxf6+ Qxf6 16. Nh2 Qg6 17. Kh1 f5 18. exf5 Bxf5 19. Qe3 c5 20. Ra5 Bc8 21. Qe4 Qxe4 22. dxe4 Bb7 23. f3 Rf7 24. Rd1 Rd7 25. Ng4 Rdd8 26. Ne3 g6 27. Kg1 Kf7 28. Kf2 h5 29. Nd5 Rac8 30. c3 Ke6 31. Ke3 g5 32. Rd2 Rf8 33. Ra1 Rf7 34. Rf2 Ra8 35. Rd2 Ra7 36. g3 Ra8 37. Rf1 Raf8 38. Rdd1 g4 39. hxg4 hxg4 40. f4 exf4+ 41. Rxf4 Rxf4 42. Nxf4+ Kd7 43. c4 b4 44. Rh1 Kc6 45. Rh7 Kb6 46. Rg7 Bc8 47. Rg6 Kc6 48. Rg7 Bd7 49. Rg6 Re8 50. Rf6 Re5 51. Ng6 Re6 52. Rxe6 Bxe6 53. Ne7+ Kd7 54. Nd5 a5 55. Kf4 Bf7 56. Nf6+ Ke6 57. Nxg4 Bg6 58. Ne3 Bh7 59. g4 Bg8 60. Nd5 Bh7 61. Ne3 Kf6 62. g5+ Ke6 63. Nf5 Bg6 64. Nh4 Bf7 65. Ng2 Bg6 66. Ne3 1/2-1/2

[Event "Pinneberg-ch"]
[Site "Pinneberg"]
[Date "2011.09.15"]
[Round "5"]
[White "Goetz, Claus"]
[Black "Olschok, Juergen"]
[Result "1-0"]
[WhiteElo "1913"]
[BlackElo "1794"]
[PlyCount "71"]
[EventDate "2011.08.18"]
[EventType "swiss"]
[EventRounds "7"]
[EventCountry "GER"]
[SourceTitle "CBM 144 Extra"]
[Source "ChessBase"]
[SourceDate "2011.10.28"]
[SourceVersion "1"]
[SourceVersionDate "2011.10.28"]
[SourceQuality "1"]

1. e4 d5 2. exd5 Qxd5 3. Nc3 Qa5 4. d4 Nf6 5. Bd2 c6 6. Bc4 Bf5 7. Ne4 Qc7 8. Nxf6+ gxf6 9. Nf3 e6 10. Nh4 Bg6 11. f4 f5 12. Qe2 Bd6 13. g3 Qe7 14. 0-0-0 Nd7 15. Rhe1 0-0-0 16. Bc3 Rhe8 17. Rd3 Bxf4+ 18. gxf4 Qxh4 19. Bd2 Bh5 20. Qf1 Nb6 21. Rh3 Qf6 22. Rxh5 Qxd4 23. Bc3 Qxc4 24. Qxc4 Nxc4 25. Rxh7 Rd7 26. b3 Nd6 27. Rg1 Ne4 28. Be5 b6 29. Rgg7 Ree7 30. h4 a5 31. h5 a4 32. bxa4 Kb7 33. h6 Ka6 34. Rh8 Ka5 35. Ra8+ Kb4 36. h7 1-0

[Event "Harburg-chF 9th"]
[Site "Hamburg"]
[Date "2011.08.20"]
[Round "2"]
[White "Sakel, Nicolai"]
[Black "Olschok, Juergen"]
[Result "1/2-1/2"]
[WhiteElo "1665"]
[BlackElo "1794"]
[PlyCount "45"]
[EventDate "2011.08.19"]
[EventType "tourn"]
[EventRounds "5"]
[EventCountry "GER"]
[SourceTitle "EXT 2012"]
[Source "ChessBase"]
[SourceDate "2011.11.24"]
[SourceVersion "1"]
[SourceVersionDate "2011.11.24"]
[SourceQuality "1"]

1. c4 Nf6 2. g3 e6 3. Bg2 d5 4. Nf3 c6 5. b3 Be7 6. 0-0 0-0 7. Bb2 b6 8. e3 Bb7 9. Ne5 Nbd7 10. f4 Rc8 11. d4 c5 12. Nd2 Qc7 13. Rc1 Rfd8 14. Qe2 Ba6 15. Rfd1 cxd4 16. exd4 Qb8 17. Qe3 Bb7 18. Re1 Nf8 19. Bf3 dxc4 20. Ndxc4 Bxf3 21. Qxf3 Nd5 22. f5 Bf6 23. fxe6 1/2-1/2

[Event "Hamburg St Pauli op-B"]
[Site "Hamburg"]
[Date "2011.07.14"]
[Round "7"]
[White "Kamm, Karsten"]
[Black "Olschok, Juergen"]
[Result "0-1"]
[WhiteElo "1491"]
[BlackElo "1794"]
[PlyCount "118"]
[EventDate "2011.07.09"]
[EventType "swiss"]
[EventRounds "9"]
[EventCountry "GER"]
[SourceTitle "CBM 143 Extra"]
[Source "ChessBase"]
[SourceDate "2011.08.29"]
[SourceVersion "1"]
[SourceVersionDate "2011.08.29"]
[SourceQuality "1"]

1. d4 Nf6 2. Nf3 c5 3. e3 e6 4. Bd3 d5 5. b3 Nc6 6. Nbd2 cxd4 7. exd4 Bd7 8. a3 Bd6 9. Bb2 0-0 10. 0-0 h6 11. Ne5 Nh7 12. f4 Nxe5 13. fxe5 Be7 14. Qh5 Be8 15. Nf3 f5 16. Qh3 Ng5 17. Nxg5 Bxg5 18. Rf3 Bg6 19. Raf1 Qe8 20. Bc1 Bxc1 21. Rxc1 Bh5 22. Rf2 Bg6 23. Rcf1 Qe7 24. a4 Rac8 25. g4 Qg5 26. Qg3 fxg4 27. c4 Rxf2 28. Rxf2 Bxd3 29. Qxd3 dxc4 30. bxc4 Qc1+ 31. Qf1 Qxf1+ 32. Rxf1 Rxc4 33. Rf4 h5 34. Kf2 g5 35. Rf6 Rxd4 36. Rxe6 Kf7 37. Rh6 Rxa4 38. Rxh5 Kg6 39. Rh8 Re4 40. Rg8+ Kf5 41. Rg7 a5 42. Rxb7 Rxe5 43. Rf7+ Ke6 44. Ra7 Rb5 45. Kg3 Kd5 46. Kxg4 Kc4 47. h4 gxh4 48. Kxh4 Kb3 49. Rg7 a4 50. Rg3+ Ka2 51. Kg4 Rb4+ 52. Kf5 Rc4 53. Rg2+ Kb3 54. Ke5 a3 55. Kd5 Rc2 56. Rg3+ Kb2 57. Rg7 a2 58. Rb7+ Kc1 59. Ra7 Kb1 0-1